[Event "Wch U16 blitz"]
[Site "Batumi"]
[Date "2023.06.11"]
[Round "9"]
[White "Shapovalovi, Vasiko"]
[Black "Safarov, Deniel"]
[Result "0-1"]
[WhiteElo "1741"]
[BlackElo "1950"]
[PlyCount "68"]
[EventDate "2023.06.10"]
[EventType "swiss (blitz)"]
[EventRounds "11"]
[EventCountry "GEO"]
[SourceTitle "EXT 2024"]
[Source "ChessBase"]
[SourceDate "2023.10.10"]
[SourceVersion "1"]
[SourceVersionDate "2023.10.10"]
[SourceQuality "1"]
[WhiteTeam "Georgia"]
[BlackTeam "Georgia"]
[WhiteTeamCountry "GEO"]
[BlackTeamCountry "GEO"]

1. c4 e5 2. g3 Nf6 3. Nc3 d5 4. cxd5 Nxd5 5. Bg2 Nb6 6. d3 Be7 7. Nf3 Nc6 8. 0-0 0-0 9. a3 Be6 10. Be3 Nd5 11. Nxd5 Bxd5 12. b4 a6 13. Rc1 Qd7 14. Qa4 Rfd8 15. Nd2 Bxg2 16. Kxg2 Qd5+ 17. Kg1 h5 18. Qb3 Qd7 19. Ne4 h4 20. Rc2 h3 21. Rfc1 Qg4 22. Nc5 Bxc5 23. Bxc5 Rd7 24. a4 Nd8 25. Be3 Ne6 26. Rc4 Qxe2 27. Rh4 Rxd3 28. Qb1 Rad8 29. Rxh3 Rd1+ 30. Kg2 Qf1+ 31. Kf3 Rxc1 32. Qh7+ Kf8 33. Qh8+ Ke7 34. Bg5+ Nxg5+ 0-1

[Event "Wch U16 rapid"]
[Site "Batumi"]
[Date "2023.06.07"]
[Round "6"]
[White "Shapovalovi, Vasiko"]
[Black "Sapenov, Daniyal"]
[Result "0-1"]
[WhiteElo "1714"]
[BlackElo "2292"]
[PlyCount "96"]
[EventDate "2023.06.06"]
[EventType "swiss (rapid)"]
[EventRounds "11"]
[EventCountry "GEO"]
[SourceTitle "EXT 2024"]
[Source "ChessBase"]
[SourceDate "2023.10.10"]
[SourceVersion "1"]
[SourceVersionDate "2023.10.10"]
[SourceQuality "1"]
[WhiteTeam "Georgia"]
[BlackTeam "Kazakhstan"]
[WhiteTeamCountry "GEO"]
[BlackTeamCountry "KAZ"]

1. Nf3 d5 2. e3 Nf6 3. c4 e6 4. Nc3 Be7 5. b3 0-0 6. Bb2 c5 7. cxd5 exd5 8. d4 Nc6 9. Be2 Bg4 10. dxc5 Bxc5 11. 0-0 Re8 12. h3 Be6 13. Rc1 Bf8 14. Nd4 Bd7 15. Bf3 Qa5 16. a3 Nxd4 17. Qxd4 Be6 18. b4 Qb6 19. Rfd1 Qxd4 20. Rxd4 Red8 21. Rcd1 a5 22. e4 Bd6 23. exd5 Bd7 24. Rc4 h6 25. b5 Rac8 26. Rxc8 Rxc8 27. a4 Re8 28. Kf1 Bf5 29. Be2 Rc8 30. Bd3 Bxd3+ 31. Rxd3 Rc4 32. Ke2 Kf8 33. Kd2 Bb4 34. Kc2 Bd6 35. f3 Ke7 36. b6 Kd7 37. Kd1 Rb4 38. Kc2 Bc5 39. Nb5 Rxa4 40. Bxf6 gxf6 41. Nc3 Rd4 42. Rxd4 Bxd4 43. Na4 Kd6 44. Kd3 Kxd5 45. f4 f5 46. h4 h5 47. Kd2 Kc4 48. Kc2 Kb4 0-1

[Event "EU-ch Hybrid U14"]
[Site "Tornelo INT"]
[Date "2021.10.15"]
[Round "1"]
[White "Makridis, Dimitrios"]
[Black "Shapovalovi, Vasiko"]
[Result "0-1"]
[WhiteElo "2138"]
[BlackElo "1726"]
[PlyCount "136"]
[EventDate "2021.10.15"]
[EventType "swiss"]
[EventRounds "9"]
[EventCountry "NET"]
[SourceTitle "EXT 2023"]
[Source "ChessBase"]
[SourceDate "2022.10.05"]
[SourceVersion "1"]
[SourceVersionDate "2022.10.05"]
[SourceQuality "1"]
[WhiteTeam "Greece"]
[BlackTeam "Georgia"]
[WhiteTeamCountry "GRE"]
[BlackTeamCountry "GEO"]

1. e4 c6 2. d4 d5 3. e5 Bf5 4. h4 h5 5. Bd3 Bxd3 6. Qxd3 e6 7. Bg5 Qb6 8. Nd2 c5 9. c4 Qxb2 10. Rd1 Nc6 11. Ne2 Nb4 12. Qf3 Nc2+ 13. Kf1 Nxd4 14. Nxd4 Qxd4 15. Qb3 Be7 16. cxd5 exd5 17. Qb5+ Kf8 18. Qxb7 Re8 19. Rh3 Bxg5 20. hxg5 Ne7 21. Rf3 Nf5 22. Qb1 g6 23. Nb3 Qxe5 24. Nxc5 Kg7 25. Nd7 Qe2+ 26. Kg1 d4 27. Qa1 Re6 28. Rxf5 gxf5 29. Qxd4+ Kh7 30. Nf6+ Rxf6 31. gxf6 Re8 32. Qd7 Kg6 33. Rd3 Re4 34. Rg3+ Rg4 35. Re3 Qxa2 36. Re8 Qa1+ 37. Kh2 Rh4+ 38. Kg3 Rg4+ 39. Kh2 Qxf6 40. Qxa7 Rxg2+ 41. Kxg2 Qc6+ 42. Kf1 Qxe8 43. Qb6+ Qe6 44. Qd8 f6 45. Qb8 Qc4+ 46. Kg1 h4 47. Qe8+ Kg5 48. Qe3+ Qf4 49. Qe7 Qg4+ 50. Kf1 Qc4+ 51. Kg1 Qc1+ 52. Kg2 h3+ 53. Kh2 Qf4+ 54. Kxh3 Qh4+ 55. Kg2 Qe4+ 56. Qxe4 fxe4 57. Kg3 f5 58. f3 f4+ 59. Kf2 e3+ 60. Kf1 Kh4 61. Kg2 e2 62. Kf2 Kh3 63. Kxe2 Kg2 64. Ke1 Kxf3 65. Kf1 Ke3 66. Ke1 f3 67. Kf1 f2 68. Kg2 Ke2 0-1

[Event "EU-ch Hybrid U14"]
[Site "Tornelo INT"]
[Date "2021.10.15"]
[Round "8"]
[White "Shapovalovi, Vasiko"]
[Black "Ciocani, Iosif"]
[Result "1-0"]
[WhiteElo "1726"]
[BlackElo "2026"]
[PlyCount "65"]
[EventDate "2021.10.15"]
[EventType "swiss"]
[EventRounds "9"]
[EventCountry "NET"]
[SourceTitle "EXT 2023"]
[Source "ChessBase"]
[SourceDate "2022.10.05"]
[SourceVersion "1"]
[SourceVersionDate "2022.10.05"]
[SourceQuality "1"]
[WhiteTeam "Georgia"]
[BlackTeam "Romania"]
[WhiteTeamCountry "GEO"]
[BlackTeamCountry "ROU"]

1. d4 Nf6 2. c4 g6 3. Nc3 Bg7 4. e4 d6 5. f3 e5 6. Nge2 exd4 7. Nxd4 0-0 8. Be3 Nc6 9. Be2 Bd7 10. Qd2 a6 11. 0-0 Nxd4 12. Bxd4 Bc6 13. b4 b6 14. Rfd1 Nd7 15. Bxg7 Kxg7 16. Rac1 f5 17. Qd4+ Nf6 18. exf5 gxf5 19. Nd5 Qd7 20. Nf4 Rae8 21. Bd3 Re5 22. c5 bxc5 23. bxc5 Rfe8 24. cxd6 cxd6 25. Bxa6 Ba4 26. Rd2 Bb5 27. Bxb5 Qxb5 28. Qxd6 R8e7 29. Rdd1 Qa5 30. h3 Qxa2 31. Rc7 Qf7 32. Rc6 Re3 33. Qxf6+ 1-0

[Event "EU-ch Hybrid U14"]
[Site "Tornelo INT"]
[Date "2021.10.15"]
[Round "9"]
[White "Shapovalovi, Vasiko"]
[Black "Von Mettenheim, Johannes"]
[Result "0-1"]
[WhiteElo "1726"]
[BlackElo "2062"]
[PlyCount "80"]
[EventDate "2021.10.15"]
[EventType "swiss"]
[EventRounds "9"]
[EventCountry "NET"]
[SourceTitle "EXT 2023"]
[Source "ChessBase"]
[SourceDate "2022.10.05"]
[SourceVersion "1"]
[SourceVersionDate "2022.10.05"]
[SourceQuality "1"]
[WhiteTeam "Georgia"]
[BlackTeam "Germany"]
[WhiteTeamCountry "GEO"]
[BlackTeamCountry "GER"]

1. c4 Nf6 2. Nc3 e6 3. d4 Bb4 4. Qc2 d5 5. a3 Bxc3+ 6. Qxc3 0-0 7. Nf3 dxc4 8. Qxc4 b6 9. Bf4 Ba6 10. Qc2 Nbd7 11. Rd1 Qe7 12. e4 Bxf1 13. Kxf1 c5 14. d5 exd5 15. exd5 Rae8 16. g3 Qe4 17. Qxe4 Rxe4 18. Rd2 h6 19. Kg2 g5 20. Bd6 Rc8 21. g4 Rxg4+ 22. Bg3 Re4 23. d6 Re6 24. Rhd1 Ne4 25. Rd5 Kg7 26. Ne5 Nef6 27. Nxd7 Nxd7 28. R1d2 Kg6 29. h4 f5 30. hxg5 hxg5 31. f3 Rd8 32. R5d3 Nf6 33. Bf2 Rd7 34. b4 cxb4 35. axb4 Ne8 36. Bc5 Re5 37. f4 Re4 38. Rg3 g4 39. Rc3 Rxf4 40. Be3 Rxb4 0-1

[Event "GEO-ch 1st League 80th"]
[Site "Tbilisi"]
[Date "2021.04.04"]
[Round "7"]
[White "Lomaia, Diana"]
[Black "Shapovalovi, Vasiko"]
[Result "1/2-1/2"]
[WhiteElo "1946"]
[BlackElo "1741"]
[PlyCount "87"]
[EventDate "2021.03.29"]
[EventType "swiss"]
[EventRounds "9"]
[EventCountry "GEO"]
[SourceTitle "CBM 202 Extra"]
[Source "ChessBase"]
[SourceDate "2021.07.31"]
[SourceVersion "1"]
[SourceVersionDate "2021.07.31"]
[SourceQuality "1"]

1. d4 d6 2. Nf3 g6 3. c4 Bg7 4. Nc3 Bg4 5. g3 Nd7 6. Bg2 Bxf3 7. exf3 e5 8. 0-0 Ne7 9. d5 Nf5 10. Rb1 0-0 11. b4 a5 12. a3 axb4 13. axb4 Re8 14. Bb2 Nb6 15. Qd3 Na4 16. Nxa4 Rxa4 17. Qb3 Ra8 18. Ra1 Nd4 19. Qd3 Qf6 20. Rfd1 Qf5 21. Qxf5 gxf5 22. Bxd4 exd4 23. Bh3 f4 24. Kf1 fxg3 25. hxg3 Rxa1 26. Rxa1 d3 27. Rd1 Bc3 28. Rxd3 Bxb4 29. Rb3 Bc5 30. Rxb7 Bb6 31. Bf5 Ra8 32. Kg2 Ra2 33. Kh3 Rxf2 34. Kg4 Rd2 35. Rb8+ Kg7 36. Re8 Rd4+ 37. Re4 Rxe4+ 38. Bxe4 h6 39. Kf5 Bf2 40. g4 Be3 41. Bc2 Bd4 42. f4 Bc5 43. g5 hxg5 44. fxg5 1/2-1/2

[Event "GEO-ch 1st League 80th"]
[Site "Tbilisi"]
[Date "2021.03.29"]
[Round "1"]
[White "Morchiashvili, Bachana"]
[Black "Shapovalovi, Vasiko"]
[Result "1-0"]
[WhiteElo "2313"]
[BlackElo "1741"]
[PlyCount "105"]
[EventDate "2021.03.29"]
[EventType "swiss"]
[EventRounds "9"]
[EventCountry "GEO"]
[SourceTitle "CBM 202 Extra"]
[Source "ChessBase"]
[SourceDate "2021.07.31"]
[SourceVersion "1"]
[SourceVersionDate "2021.07.31"]
[SourceQuality "1"]

1. d4 e6 2. Nf3 Nf6 3. c4 b6 4. g3 Bb7 5. Bg2 Be7 6. 0-0 0-0 7. Nc3 Ne4 8. Bd2 d6 9. d5 Nxd2 10. Nxd2 e5 11. f4 Nd7 12. Nf3 Bf6 13. Qd2 Re8 14. Rae1 e4 15. Nd4 e3 16. Qd1 Bxd4 17. Qxd4 Qf6 18. Rd1 Ba6 19. Bh3 Qxd4 20. Rxd4 Nf6 21. Rf3 Re7 22. b3 Rae8 23. Bf5 g6 24. Bc2 Bc8 25. Kg2 Ng4 26. Nd1 Nh6 27. h3 Bf5 28. Bd3 Bd7 29. Nc3 Nf5 30. Bxf5 Bxf5 31. Rf1 h5 32. Rh1 Kg7 33. Kf3 Rh8 34. Rdd1 a6 35. g4 Bc2 36. Rc1 hxg4+ 37. hxg4 Rxh1 38. Rxh1 f5 39. g5 Kf8 40. Rh8+ Kg7 41. Ra8 a5 42. Rc8 Kf7 43. Rh8 Kg7 44. Rb8 Kf7 45. Kg3 Kg7 46. Rc8 Kf7 47. Rh8 Be4 48. Rh7+ Ke8 49. Rxe7+ Kxe7 50. Nxe4 fxe4 51. Kg4 Kf7 52. f5 Kg7 53. f6+ 1-0

[Event "Wch FIDE Online U14 Europe qual"]
[Site "Tornelo INT"]
[Date "2020.12.08"]
[Round "5"]
[White "Shapovalovi, Vasiko"]
[Black "Herega, Nejc"]
[Result "0-1"]
[WhiteElo "1528"]
[BlackElo "1757"]
[PlyCount "86"]
[EventDate "2020.12.07"]
[EventType "swiss (rapid)"]
[EventRounds "7"]
[EventCountry "ISS"]
[SourceTitle "EXT 2022"]
[Source "ChessBase"]
[SourceDate "2021.10.06"]
[SourceVersion "1"]
[SourceVersionDate "2021.10.06"]
[SourceQuality "1"]

1. c4 Nf6 2. Nc3 c5 3. Nf3 Nc6 4. g3 g6 5. Bg2 Bg7 6. 0-0 0-0 7. d3 d5 8. cxd5 Nxd5 9. Nxd5 Qxd5 10. a3 Bg4 11. h3 Bxf3 12. Bxf3 Qd7 13. Bg2 Rac8 14. Rb1 Rfd8 15. Be3 Nd4 16. Bxd4 Bxd4 17. b4 c4 18. e3 c3 19. Qc2 Bg7 20. d4 e5 21. d5 f5 22. e4 fxe4 23. Bxe4 Qxh3 24. Rb3 Qg4 25. Bg2 Qc4 26. Rc1 e4 27. Bxe4 Re8 28. Bf3 Bd4 29. Kg2 Rf8 30. Rd1 Rxf3 31. Rxd4 Qxd4 32. Kxf3 Qxd5+ 33. Kg4 Qh5+ 34. Kf4 Rf8+ 35. Ke3 Qg5+ 36. Ke2 Qb5+ 37. Ke3 Re8+ 38. Kf3 Qd5+ 39. Kg4 Qh5+ 40. Kf4 g5+ 41. Kf5 Qg6+ 42. Kg4 h5+ 43. Kh3 Qxc2 0-1

[Event "Wch FIDE Online U14 Europe qual"]
[Site "Tornelo INT"]
[Date "2020.12.07"]
[Round "1"]
[White "Shapovalovi, Vasiko"]
[Black "Fule, Simon"]
[Result "0-1"]
[WhiteElo "1528"]
[BlackElo "1682"]
[PlyCount "60"]
[EventDate "2020.12.07"]
[EventType "swiss (rapid)"]
[EventRounds "7"]
[EventCountry "ISS"]
[SourceTitle "EXT 2022"]
[Source "ChessBase"]
[SourceDate "2021.10.06"]
[SourceVersion "1"]
[SourceVersionDate "2021.10.06"]
[SourceQuality "1"]

1. d4 Nf6 2. Nf3 g6 3. g3 Bg7 4. Bg2 0-0 5. c4 d6 6. 0-0 Nc6 7. Nc3 e5 8. d5 Nb8 9. e4 a5 10. h3 Na6 11. Be3 Nd7 12. a3 f5 13. exf5 gxf5 14. Qc2 b6 15. Rab1 e4 16. Bg5 Bf6 17. Bxf6 Qxf6 18. Ne1 Ne5 19. Nb5 Bd7 20. f3 exf3 21. Nxf3 Nxf3+ 22. Rxf3 Bxb5 23. cxb5 Nc5 24. Rbf1 Qd4+ 25. Kh2 Kh8 26. Rxf5 Rxf5 27. Qxf5 Qxb2 28. Qf7 Qg7 29. Qf5 Rg8 30. g4 Qe5+ 0-1

[Event "EU-ch U10 27th"]
[Site "Mamaia"]
[Date "2017.09.13"]
[Round "8"]
[White "Shapovalovi, Vasiko"]
[Black "Habans Aguerrea, Javier"]
[Result "1/2-1/2"]
[WhiteElo "1459"]
[BlackElo "1706"]
[PlyCount "119"]
[EventDate "2017.09.05"]
[EventType "swiss"]
[EventRounds "9"]
[EventCountry "ROU"]
[SourceTitle "CBM 180 Extra"]
[Source "ChessBase"]
[SourceDate "2017.10.06"]
[SourceVersion "1"]
[SourceVersionDate "2017.10.06"]
[SourceQuality "1"]

1. c4 e5 2. Nc3 Nc6 3. g3 g6 4. Bg2 Bg7 5. e3 Nge7 6. Nge2 0-0 7. 0-0 d6 8. a3 Be6 9. Nd5 a5 10. d3 Rb8 11. Nec3 f5 12. Rb1 Bf7 13. Bd2 Qd7 14. b4 axb4 15. axb4 Nxd5 16. Nxd5 Ne7 17. Nxe7+ Qxe7 18. Qc2 g5 19. f4 Be6 20. Rbe1 g4 21. Bc3 c6 22. Qb2 e4 23. Bxg7 Qxg7 24. Qc2 d5 25. c5 Ra8 26. d4 Qc7 27. Ra1 b6 28. Rfb1 Qb7 29. Bf1 b5 30. Be2 Ra6 31. Qb2 Rfa8 32. Bd1 h5 33. Kh1 h4 34. Kg1 hxg3 35. hxg3 R6a7 36. Rxa7 Qxa7 37. Bb3 Qh7 38. Qh2 Qg7 39. Qg2 Kf7 40. Kf2 Kf6 41. Ke2 Ra3 42. Kd2 Qa7 43. Kc3 Ra1 44. Qb2 Ra3 45. Qh2 Qg7 46. Qh4+ Kf7 47. Qh5+ Ke7 48. Qh4+ Kd7 49. Rh1 Ra8 50. Qh7 Qe7 51. Qxe7+ Kxe7 52. Rh7+ Kf6 53. Rh6+ Ke7 54. Rh7+ Bf7 55. Kb2 Kf6 56. Rh6+ Bg6 57. Rh2 Ra7 58. Bc2 Kg7 59. Bb3 Kf6 60. Rh1 1/2-1/2

[Event "EU-ch U10 27th"]
[Site "Mamaia"]
[Date "2017.09.06"]
[Round "2"]
[White "Shapovalovi, Vasiko"]
[Black "Viliusis, Neimantas"]
[Result "1-0"]
[WhiteElo "1459"]
[BlackElo "1211"]
[PlyCount "85"]
[EventDate "2017.09.05"]
[EventType "swiss"]
[EventRounds "9"]
[EventCountry "ROU"]
[SourceTitle "CBM 180 Extra"]
[Source "ChessBase"]
[SourceDate "2017.10.06"]
[SourceVersion "1"]
[SourceVersionDate "2017.10.06"]
[SourceQuality "1"]

1. c4 f5 2. Nc3 e6 3. Nf3 Nf6 4. d4 Be7 5. Bf4 c6 6. e3 d5 7. cxd5 exd5 8. Bd3 0-0 9. h3 Ne4 10. 0-0 Nd7 11. Qc2 Ndf6 12. Rab1 Bd6 13. Ne5 Nd7 14. Bxe4 fxe4 15. Nxc6 bxc6 16. Bxd6 Rf6 17. Bg3 Ba6 18. Bh4 Bxf1 19. Rxf1 Qf8 20. Bxf6 Qxf6 21. Ne2 Rf8 22. Ng3 Rb8 23. b3 Rc8 24. Nh5 Qg5 25. Nf4 g6 26. Rc1 Qf5 27. Qd2 Nb8 28. Qa5 a6 29. Qc5 Rf8 30. Rf1 g5 31. Ne2 Qg6 32. b4 g4 33. Nf4 Qf6 34. hxg4 Qh4 35. g5 Re8 36. Qd6 Qxg5 37. Rc1 Kh8 38. a4 Rg8 39. Rb1 Qg7 40. b5 axb5 41. axb5 cxb5 42. Rxb5 Nd7 43. Rb7 1-0